ბათუმის შოთა რუსთაველის სახელმწიფო უნივერსიტეტის ბიბლიოთეკა

აკადემიკოს ქეთევან ლომთათიძეს = Академику Кетеван Ломтатидзе (ბიბ.ჩანაწერი № 51181)

000 -LEADER
fixed length control field 00856nam a2200229Ia 4500
001 - CONTROL NUMBER
control field 18140
003 - CONTROL NUMBER IDENTIFIER
control field GE_BSU
008 - FIXED-LENGTH DATA ELEMENTS--GENERAL INFORMATION
fixed length control field 181216s||||||||xx |||||||||||||| ||und||
020 ## - INTERNATIONAL STANDARD BOOK NUMBER
International Standard Book Number 978-9941-12-431-0
040 ## - CATALOGING SOURCE
Transcribing agency GE_BSU
080 ## - UNIVERSAL DECIMAL CLASSIFICATION NUMBER
Universal Decimal Classification number 811.35
245 ## - TITLE STATEMENT
Title აკადემიკოს ქეთევან ლომთათიძეს = Академику Кетеван Ломтатидзе
245 ## - TITLE STATEMENT
Statement of responsibility, etc. რედ. თ. გვანცელაძე
250 ## - EDITION STATEMENT
Edition statement თსუ, ჰუმანიტ. მეცნ. ფაკ-ტი, კავკასიოლ. ინ-ტი
260 ## - PUBLICATION, DISTRIBUTION, ETC.
Place of publication, distribution, etc. თბილისი
260 ## - PUBLICATION, DISTRIBUTION, ETC.
Name of publisher, distributor, etc. უნივერსალი
260 ## - PUBLICATION, DISTRIBUTION, ETC.
Date of publication, distribution, etc. 2008
300 ## - PHYSICAL DESCRIPTION
Extent 170გვ. ; 20სმ.
653 ## - INDEX TERM--UNCONTROLLED
Uncontrolled term აკადემიკოს ქეთევან ლომთათიძეს
942 ## - ADDED ENTRY ELEMENTS (KOHA)
Koha item type წიგნი
ეგზემპლარები
Withdrawn status Lost status Damaged status Not for loan Date acquired Barcode Date last seen Price effective from Koha item type
        2018-12-17 46210 2018-12-17 2018-12-17 წიგნი